<?xml version="1.0" encoding="UTF-8"?>
<record
    xmlns:xsi="http://www.w3.org/2001/XMLSchema-instance"
    xsi:schemaLocation="http://www.loc.gov/MARC21/slim http://www.loc.gov/standards/marcxml/schema/MARC21slim.xsd"
    xmlns="http://www.loc.gov/MARC21/slim">

  <leader>00650cam a22002172a 4500</leader>
  <controlfield tag="001">  009548</controlfield>
  <controlfield tag="003">  AR-FADEU</controlfield>
  <controlfield tag="008">  311216n1983####xxu####################dd</controlfield>
  <datafield tag="020" ind1=" " ind2=" ">
    <subfield code="a">0-201-06503-7</subfield>
  </datafield>
  <datafield tag="092" ind1=" " ind2=" ">
    <subfield code="a">407.24</subfield>
    <subfield code="b">S267c</subfield>
  </datafield>
  <datafield tag="100" ind1=" " ind2=" ">
    <subfield code="a">Savignon, Sandra J.</subfield>
  </datafield>
  <datafield tag="245" ind1=" " ind2=" ">
    <subfield code="a">Communicative competence : theory and classroom practice</subfield>
  </datafield>
  <datafield tag="260" ind1=" " ind2=" ">
    <subfield code="a">Massachusetts</subfield>
  </datafield>
  <datafield tag="260" ind1=" " ind2=" ">
    <subfield code="b">Addison-Wesley</subfield>
  </datafield>
  <datafield tag="260" ind1=" " ind2=" ">
    <subfield code="c">1983</subfield>
  </datafield>
  <datafield tag="300" ind1=" " ind2=" ">
    <subfield code="a">322 p</subfield>
  </datafield>
  <datafield tag="440" ind1=" " ind2=" ">
    <subfield code="a">The addison wesley second language professional library</subfield>
  </datafield>
  <datafield tag="650" ind1=" " ind2=" ">
    <subfield code="a">LENGUAS MODERNAS-ESTUDIO Y ENSE&#xD1;ANZA; METODOLOGIA; ADQUISICION DEL LENGUAJE-L2/REVISADO/</subfield>
  </datafield>
  <datafield tag="546" ind1=" " ind2=" ">
    <subfield code="a">Ingl&#xE9;s</subfield>
  </datafield>
  <datafield tag="942" ind1=" " ind2=" ">
    <subfield code="c">BDGR</subfield>
  </datafield>
  <datafield tag="999" ind1=" " ind2=" ">
    <subfield code="c">15345</subfield>
    <subfield code="d">15345</subfield>
  </datafield>
  <datafield tag="952" ind1=" " ind2=" ">
    <subfield code="0">0</subfield>
    <subfield code="1">0</subfield>
    <subfield code="4">0</subfield>
    <subfield code="7">0</subfield>
    <subfield code="a">AR-FADEU</subfield>
    <subfield code="b">AR-FADEU</subfield>
    <subfield code="d">2017-02-21</subfield>
    <subfield code="i">0955</subfield>
    <subfield code="l">0</subfield>
    <subfield code="o">407.24 S267c</subfield>
    <subfield code="p">0955</subfield>
    <subfield code="r">2017-02-21 00:00:00</subfield>
    <subfield code="w">2017-02-21</subfield>
    <subfield code="y">BDGR</subfield>
  </datafield>
  <datafield tag="952" ind1=" " ind2=" ">
    <subfield code="0">0</subfield>
    <subfield code="1">0</subfield>
    <subfield code="4">0</subfield>
    <subfield code="7">0</subfield>
    <subfield code="a">AR-FADEU</subfield>
    <subfield code="b">AR-FADEU</subfield>
    <subfield code="d">2017-02-21</subfield>
    <subfield code="i">0956</subfield>
    <subfield code="l">0</subfield>
    <subfield code="o">407.24 S267c</subfield>
    <subfield code="p">0956</subfield>
    <subfield code="r">2017-02-21 00:00:00</subfield>
    <subfield code="w">2017-02-21</subfield>
    <subfield code="y">BDGR</subfield>
  </datafield>
</record>
